كرمة مشتهاة القديس الأرشيدياكون حبيب جرجس / (Record no. 27522)
[ view plain ]
| 000 -الفاتح | |
|---|---|
| حقل البيانات ثابتة الطول | 01110nam a22002775a 4500 |
| 003 - محدد رقم الضبط | |
| رقم الضبط | EG-ScBUE |
| 005 - وقت وتاريخ اخر تعامل مع التسجيلة | |
| رقم الضبط | 20190616140421.0 |
| 008 - عناصر البيانات ثابتة الطول - معلومات عامة | |
| حقل البيانات ثابتة الطول | 190610s2018 ua a grb 000 0bara d |
| 017 ## - رقم الإيداع القانونى | |
| رقم الإيداع القانونى | 2018 / 17934 |
| 040 ## - مصدر الفهرسة | |
| وكالة الفهرسة الأصلية | EG-ScBUE |
| لغة الفهرسة | ara |
| وكالة النسخ | EG-ScBUE |
| وكالة التعديل | EG-ScBUE |
| 082 04 - رقم تصنيف ديوى العشرى | |
| رقم التصنيف | 235.2 |
| رقم المادة | ص د ي |
| رقم الطبعة | 22 |
| 100 1# - المدخل الرئيسى - إسم شخصى | |
| الإسم الشخصى | صديق، رامي عطا، |
| التواريخ المصاحبة للاسم | 1977- |
| 245 10 - بيان العنوان | |
| العنوان | كرمة مشتهاة القديس الأرشيدياكون حبيب جرجس / |
| بيان المسئوليه,etc | تأليف رامي عطا صديق ؛ تقديم الأنبا موسى. |
| 250 ## - بيان الطبعة | |
| بيان الطبعة | ط. 2. |
| 260 ## - PUBLICATION, DISTRIBUTION, ETC. (IMPRINT) | |
| مكان الناشر او الموزع | القاهرة : |
| اسم الناشر او الموزع | مكتبة أسقفية الشباب، |
| تاريخ النشر أو التوزيع | 2018. |
| 300 ## - الوصف المادى | |
| التعداد | 223 ص. : |
| تفاصيل ماديه اخرى للوعاء | إيض. ؛ |
| أبعاد الوعاء | 24 سم. |
| 490 0# - بيان السلسلة | |
| عنوان السلسلة | أسقفية الشباب. |
| -- | الإيمان - الثقافة - المجتمع ؛ |
| رقم المجلد/ التعيين التسلسلي | 19 |
| 504 ## - تبصرة ببليوجرافية | |
| تبصرة ببليوجرافية,الخ | يشتمل على إرجاعات ببليوجرافية. |
| 541 ## - تبصرة المصدر المباشر للتزويد | |
| مصدر التزويد | Mr. Farid Khamis ; |
| طريقة التزويد | Donation ; |
| 600 17 - المدخل الاضافى بالموضوع-اسم شخصى | |
| الإسم الشخصى | جرجس، حبيب، |
| التواريخ المصاحبة للاسم | 1876-1951. |
| 650 #7 - المدخل الاضافى بالموضوع-مصطلح موضوعى | |
| مصطلح موضوعي أو اسم جغرافي كعنصر مدخل | القديسين المسيحيين. |
| مصدر الرأس أو المصطلح | BUEsh |
| 651 ## - المدخل الاضافى بالموضوع - اسم جغرافى | |
| مصدر الرأس أو المصطلح | BUEsh |
| 653 ## - مصطلح تكشيفى غير مقيد | |
| Resource For college | Generalities |
| Arrived date list | June2019 |
| 700 1# - المدخل الاضافى - اسم شخصى | |
| الإسم الشخصى | موسى، |
| العنوان والكلمات الأخرى المصاحبة للاسم | الأنبا، |
| الدور | مقدم. |
| 942 ## - عناصر المدخل الإضافي( كوها) | |
| مصدر التصنيف او مخطط الترفيف | Dewey Decimal Classification |
| حالة التراجع | حالة الفقد | مصدر التصنيف او خطة الترفيف | حالة تلف | ليس للاعارة | مجموعات كوها | المكان الدائم | المكان الحالي | موقع الترفيف | تاريخ الاكتساب | Source of acquisition | رقم الاستدعاء | الباركود | Date last seen | تبصرة غير عامة( المفوع للعناصر المفقوده) | نوع الوعاء |
|---|---|---|---|---|---|---|---|---|---|---|---|---|---|---|---|
| Dewey Decimal Classification | Donation-Gift | Central Library | Central Library | Lower Floor | 10/06/2019 | Donation | 235.2 ص د ي | 000047918 | 15/07/2025 | Donation from Mr. Farid Khamis | Book - Borrowing |